| 000 -LEADER |
| fixed length control field |
00360nam a2200145Ia 4500 |
| 008 - FIXED-LENGTH DATA ELEMENTS--GENERAL INFORMATION |
| fixed length control field |
240330s9999||||xx |||||||||||||| ||und|| |
| 020 ## - INTERNATIONAL STANDARD BOOK NUMBER |
| International Standard Book Number |
9789351611325 |
| 082 ## - DEWEY DECIMAL CLASSIFICATION NUMBER |
| Classification number |
650 |
| Item number |
GUP/E |
| 100 ## - MAIN ENTRY--PERSONAL NAME |
| Personal name |
Gupta, C.B. |
| 245 #0 - TITLE STATEMENT |
| Title |
Entrepreneurial Development |
| 250 ## - EDITION STATEMENT |
| Edition statement |
1st Edition |
| 260 ## - PUBLICATION, DISTRIBUTION, ETC. |
| Place of publication, distribution, etc. |
New Delhi |
| Name of publisher, distributor, etc. |
sultan chand & sons |
| Date of publication, distribution, etc. |
2022 |
| 300 ## - PHYSICAL DESCRIPTION |
| Extent |
A.16p. |
| 942 ## - ADDED ENTRY ELEMENTS (KOHA) |
| Koha item type |
Book |